| 000 | 00904cam a22001814a 4500 | ||
|---|---|---|---|
| 005 | 20250605164353.0 | ||
| 008 | 250528s ||||||||||||||||||||||||d | ||
| 035 | _a24182 | ||
| 040 |
_aGR-AtMCL _bgre _dGR-AtMCL _eAACR2 |
||
| 245 | 1 | _aEuropean Railway Review / Celebrating over 20 Years of Working Together in Rail | |
| 260 |
_bEuropean Railway Review, _c2016 |
||
| 300 | _a120 | ||
| 520 | _aSweden's Plans to Benefit Future Generations, Strengthening the Railway is Essential for Sustainable and Efficient Transport, The Future of Train Travel for SJ, Railway 2050, MTR Builds on Its Strong Reputation, Internet of Trains - How Digitisation Creates New Value Opportunities, Trafikverket: Lowering Market Entry Barriers, A New Challenge for ERTMS/ ETCS Level 2 on Italian Conventional Lines, InnoTrans 2016. | ||
| 700 | 1 |
_aWaters Craig _99421 |
|
| 942 | _cCR | ||
| 999 |
_c9077 _d9077 |
||